| 000 | 00000nas##2200000za#4500 |
|---|---|
| 001 | 9.509625 |
| 003 | CaOODSP |
| 005 | 20200325104231 |
| 007 | ta |
| 008 | 150406c1994||||xxc|| m #||||f| |0fre|d |
| 040 | |aCaOODSP|bfre |
| 041 | |aeng |
| 041 | |afre |
| 043 | |an-cn--- |
| 086 | 1 |aSC91-5 |
| 110 | 1 |aCanada.|bCentre canadien de gestion. |
| 245 | 13|aLa conférence Jean Edmonds : |bles femmes et le monde du travail |
| 260 | |aOttawa - Ontario : |bCentre canadien de gestion |
| 546 | |aBilingue |
| 563 | |aCouverture souple |
| 791 | |tThe Jean Edmonds Lecture : |eeng|w(CaOODSP)9.509624 |